000 00553nam a2200181Ia 4500
005 20250508153505.0
008 008 250505s9999 xx 000 0 eng d
037 _aTextual
040 _aFEDL
_beng
_cFEDL
041 _aeng
_2eng
084 _a519.903, IND
_qFEDL
245 0 _aProvisional list of technical terms in hindi: Mathematics 3-statistics
245 0 _cGovernment of India. Ministry of Education and Scientific Research
260 _c1957
300 _a46p.
942 _cTEXL
_h519.903, IND
999 _c1343217
_d1343217